000 00532nam a2200205Ia 4500
003 LK-CoDNM
005 20241217131123.0
008 121015t1963 xxu||||| |||| 00| 0 sin d
040 _aLK-CoDNM
_dLK-CoDNM
_eLK-CoDNM
041 _asin
080 _a8S-1
_bMUD
100 _aNandasena Mudiyanse
245 _aසීගිරි ගී
246 _aSigiri Gee
260 _bM.D.Gunasena Samagama
_aColombo 11
_c1963
300 _b560p. ; 18 cm
650 _a1963
650 _aපුරාතන පද්‍ය
942 _cBK
999 _c76955
_d76955